Quality Control / (Record no. 13438)

MARC details
000 -LEADER
fixed length control field 02763nac a22003491u 4500
008 - FIXED-LENGTH DATA ELEMENTS--GENERAL INFORMATION
fixed length control field 100221t19792009xxu||||| |||| 00| 0 eng d
020 ## - INTERNATIONAL STANDARD BOOK NUMBER
International Standard Book Number 0137144393 (pbk.)
020 ## - INTERNATIONAL STANDARD BOOK NUMBER
International Standard Book Number 9780137144396 (pbk.)
082 ## - DEWEY DECIMAL CLASSIFICATION NUMBER
Edition number 22
Classification number 658.562
Item number BES
100 1# - MAIN ENTRY--PERSONAL NAME
Personal name Besterfield, Dale H.
9 (RLIN) 11588
245 ## - TITLE STATEMENT
Title Quality Control /
Statement of responsibility, etc Dale H. Besterfield.
250 ## - EDITION STATEMENT
Edition statement 8th ed.
260 ## - PUBLICATION, DISTRIBUTION, ETC. (IMPRINT)
Place of publication, distribution, etc Englewood Cliffs, N.J. :
Name of publisher, distributor, etc Pearson Prentice Hall, 2009
Date of publication, distribution, etc c2009.
300 ## - PHYSICAL DESCRIPTION
Extent ix, 540 p. ;
Other physical details ill.;
Dimensions 24 cm. +
Accompanying material 1 CD-ROM (4 3/4 in.)
500 ## - GENERAL NOTE
General note Includes Index.
504 ## - BIBLIOGRAPHY, ETC. NOTE
Bibliography, etc Includes bibliographical references and index.
650 ## - SUBJECT ADDED ENTRY--TOPICAL TERM
Topical term or geographic name as entry element Quality control.
9 (RLIN) 11589
653 ## - INDEX TERM--UNCONTROLLED
Resource For college
942 ## - ADDED ENTRY ELEMENTS (KOHA)
Item type Book - Borrowing
Source of classification or shelving scheme Dewey Decimal Classification
Holdings
Withdrawn status Item status Source of classification or shelving scheme Damaged status Not for loan Vendor Home library Current library Shelving location Date acquired Source of acquisition Cost, normal purchase price Total Checkouts Full call number Barcode Date last seen Date last borrowed Cost, replacement price Koha item type Total Renewals Materials specified (bound volume or other part)
    Dewey Decimal Classification     Baccah Central Library Central Library First floor 21/02/2010   281.00 7 658.562 BES 000019923 15/07/2025 06/04/2013 351.25 NB - Book (Non borrowing)    
    Dewey Decimal Classification     Baccah Central Library Central Library First floor 21/02/2010   281.00   658.562 BES 000019922 24/08/2022   351.25 CD | DVD - With book    
    Dewey Decimal Classification     Baccah Central Library Central Library First floor 24/03/2010   281.00 14 658.562 BES 000019794 15/07/2025 05/03/2016 351.25 Book - Borrowing 136  
    Dewey Decimal Classification     Baccah Central Library Central Library First floor 24/03/2010   281.00 20 658.562 BES 000019792 15/07/2025 14/11/2019 351.25 Book - Borrowing 162  
    Dewey Decimal Classification     Baccah Central Library Central Library First floor 24/03/2010 Purchase 281.00 23 658.562 BES 000032367 15/07/2025 14/05/2016 351.25 Book - Borrowing 67  
    Dewey Decimal Classification     Baccah Central Library Central Library First floor 24/03/2010   281.00   658.562 BES 000019795 24/08/2022   351.25 CD | DVD - With book    
    Dewey Decimal Classification     Baccah Central Library Central Library First floor 24/03/2010   281.00 2 658.562 BES 000019796 24/08/2022 31/03/2016 351.25 CD | DVD - With book    
    Dewey Decimal Classification     Baccah Central Library Central Library First floor 24/03/2010   281.00   658.562 BES 000019797 24/08/2022   351.25 CD | DVD - With book    
    Dewey Decimal Classification     Baccah Central Library Central Library First floor 10/03/2011   281.00 19 658.562 BES 000022860 15/07/2025 14/03/2016 351.25 Book - Borrowing 77  
  Lost Dewey Decimal Classification     Baccah Central Library Central Library First floor 10/03/2011   281.00 14 658.562 BES 000022861 29/04/2014 30/03/2014 351.25 Book - Borrowing 31 Lost In Inventory_2015-8-23
    Dewey Decimal Classification     Baccah Central Library Central Library First floor 10/03/2011   281.00 1 658.562 BES 000022862 24/08/2022 13/03/2012 351.25 CD | DVD - With book    
    Dewey Decimal Classification     Baccah Central Library Central Library First floor 10/03/2011   281.00   658.562 BES 000023069 24/08/2022   351.25 CD | DVD - With book (NB)